| 000 | 01008cas a22002897a 4500 | ||
|---|---|---|---|
| 999 |
_c406801 _d406801 |
||
| 001 | 120525 | ||
| 003 | UA-OsUOA | ||
| 005 | 20190927102845.0 | ||
| 007 | ta | ||
| 008 | 201702c1993 un mr|n||00| 0 ukr drus d | ||
| 040 |
_aUA-OsUOA _brus _cUA-OsUOA _dUA-OsUOA |
||
| 041 | _arus | ||
| 044 | _aUA | ||
| 080 | _a2 | ||
| 090 |
_a2 _bЛ52 |
||
| 099 | _a41386 | ||
| 110 | _aУчредитель и издатель: Запорожская епархия УПЦ | ||
| 245 |
_aЛетопись Православия _cглав. ред. Митрополит Запорожский и Мелитопольский Лука _bофициальное издание Запорожской Епархии Украинской Православной Церкви |
||
| 260 | _aК. | ||
| 310 | _aщомісяця | ||
| 650 | 7 |
_a2 Релігія. Теологія. _2UDC |
|
| 942 |
_cNP _2udc |
||
| 955 | _a0 | ||
| 962 | _d1993 | ||